000 00930nam a22002297a 4500
005 20100803140425.0
010 _aENG-97964
020 _a9788175348240
_c995.00
035 _aEN-81497
037 _bDBAD/PUB
082 _a346.5405
100 _aAiyar, S. Krishnamurthi
_95503
245 _aCommentary on the Indian trusts act :
_bincluding model trust deeds and forms /
_cby S. Krishnamurthi Aiyar ; revised by S. K.Sarvaria
250 _a6th rev. ed
260 _aDelhi
_bUniversal Law Publishing
_c2010
270 _aC-FF-1A, Dilkhush Industrial Estate, (Near Azadpur Metro Station) G.T. Karnal Road
_bDelhi
_e110033
300 _acxviii,934p.
_c25cm (Hb)
500 _aIncludes index
700 _aSarvaria, S. K.
_95504
942 _2ddc
_cEN
_h346.5405
_mAIY
999 _c38964
_d38964